[Event "World op Philadelphia"]
[Site "Philadelphia, PA USA"]
[Date "2001.07.08"]
[EventDate "2001.??.??"]
[Round "9"]
[Result "1-0"]
[White "Bryan G Smith"]
[Black "Gregory Braylovsky"]
[WhiteElo "2325"]
[BlackElo "2285"]
[PlyCount "127"]

1. e4 c5 2. Nf3 Nc6 3. Nc3 d6 4. d4 cxd4 5. Nxd4 e6 6. Be3 Nf6
7. Qd2 Ng4 8. Bg5 Qb6 9. Ndb5 Qa5 10. Be2 a6 11. Na3 Nge5
12. f4 Ng6 13. Nc4 Qc7 14. f5 Nge5 15. O-O b5 16. fxe6 Nxc4
17. Bxc4 f6 18. Nd5 Qb7 19. Rxf6 gxf6 20. Nxf6+ Kd8 21. Nd5+
Ke8 22. Rf1 bxc4 23. Rf7 Be7 24. Rxe7+ Qxe7 25. Nxe7 Nxe7
26. Bxe7 Kxe7 27. Qg5+ Ke8 28. Qh5+ Kd8 29. Qd5 Ra7 30. Qd4
Re7 31. Qxh8+ Kc7 32. Qd4 Rxe6 33. Qxc4+ Kd7 34. Qd5 Re5
35. Qf7+ Re7 36. Qf5+ Kc7 37. Qf6 Kd7 38. Qf5+ Kc7 39. Qa5+
Kd7 40. Qa4+ Kc7 41. Kf2 Bb7 42. Kf3 Re5 43. g4 Re7 44. Qc4+
Kd7 45. h4 Bc8 46. g5 Bb7 47. h5 Re6 48. g6 hxg6 49. h6 Re7
50. Kf4 g5+ 51. Kxg5 Bxe4 52. Qxa6 Bxc2 53. Qb7+ Kd8 54. Qc6
Bb1 55. Qxd6+ Ke8 56. a4 Rd7 57. Qf6 Rd5+ 58. Kg4 Rd1 59. a5
Bd3 60. a6 Rg1+ 61. Kh3 Rh1+ 62. Kg2 Rc1 63. Qe6+ Kf8 64. Qd6+
1-0

[Event "US Open"]
[Site "Framingham USA"]
[Date "2001.08.08"]
[EventDate "2001.08.04"]
[Round "5"]
[Result "1-0"]
[White "Kameswaran Visweswaran"]
[Black "Aditya Prasetyo"]
[WhiteElo "2299"]
[BlackElo "2133"]
[PlyCount "45"]

1. e4 c6 2. d4 d5 3. Nc3 dxe4 4. Nxe4 Bf5 5. Ng3 Bg6 6. h4 h6
7. Nf3 Nd7 8. h5 Bh7 9. Bd3 Bxd3 10. Qxd3 Ngf6 11. Bf4 Qa5+
12. c3 e6 13. Ne5 Be7 14. O-O O-O 15. Rfe1 Rfd8 16. Nxf7 Kxf7
17. Qg6+ Kg8 18. Bxh6 Bf8 19. Bxg7 Bxg7 20. h6 Ne8 21. Rxe6
Ndf6 22. Rxf6 Qc7 23. h7+ 1-0

[Event "ch-CUB"]
[Site "Las Tunas CUB"]
[Date "2001.04.14"]
[EventDate "2001.04.01"]
[Round "12"]
[Result "1-0"]
[White "Jesus Nogueiras"]
[Black "Maikel Gongora Reyes"]
[WhiteElo "2557"]
[BlackElo "2417"]
[PlyCount "167"]

1. c4 e5 2. Nc3 d6 3. d4 exd4 4. Qxd4 Nc6 5. Qd1 g6 6. e4 Bg7
7. Bd3 Nf6 8. Nge2 Ng4 9. f3 Nge5 10. O-O Be6 11. b3 Nxd3
12. Qxd3 Qd7 13. Bb2 O-O-O 14. Qd2 f5 15. exf5 Bxf5 16. Ng3
Bd4+ 17. Kh1 Qg7 18. Rad1 Be5 19. Ba1 h5 20. Nd5 Bxa1 21. Rxa1
h4 22. Nxf5 gxf5 23. h3 Ne5 24. f4 Nc6 25. Rae1 Rde8 26. Rxe8+
Rxe8 27. Re1 Qh8 28. Qf2 Rxe1+ 29. Qxe1 a5 30. Kh2 Kb8 31. Qc3
Qd4 32. Qxd4 Nxd4 33. g4 c6 34. Ne7 Kc7 35. Ng6 b5 36. Nxh4 a4
37. Nxf5 Nxb3 38. cxb5 cxb5 39. g5 Nc5 40. g6 Ne4 41. g7 Nf6
42. Ne7 Kd7 43. Nd5 Ng8 44. f5 Ke8 45. Nc7+ Kf7 46. Nxb5 d5
47. Kg3 Kxg7 48. Kf4 Kf6 49. h4 Ne7 50. Nd4 Ng8 51. Ne2 Ne7
52. Ng3 a3 53. h5 Ng8 54. Nf1 Nh6 55. Ne3 d4 56. Nd5+ Kf7
57. Kg5 Kg7 58. f6+ Kh7 59. Kf4 Nf7 60. Ke4 Kh6 61. Kxd4 Kxh5
62. Nb6 Kg6 63. Nd7 Nh6 64. Kd5 Kf7 65. Ke5 Ng4+ 66. Kf5 Ne3+
67. Kg5 Nc4 68. Kf5 Ne3+ 69. Kf4 Nd5+ 70. Kg5 Ke6 71. Nc5+ Kf7
72. Ne4 Ke6 73. Kg6 Nf4+ 74. Kh6 Nd5 75. Kg5 Nxf6 76. Nxf6 Ke5
77. Nd7+ Kd4 78. Kf4 Kc3 79. Ke3 Kb2 80. Kd2 Kxa2 81. Kc2 Ka1
82. Nc5 Ka2 83. Nd3 Ka1 84. Nc1 1-0

[Event "12th Open"]
[Site "Ljubljana SLO"]
[Date "2001.07.01"]
[EventDate "2001.06.23"]
[Round "9"]
[Result "0-1"]
[White "Marian Kastelic"]
[Black "Gorazd Novak"]
[WhiteElo "2356"]
[BlackElo "2172"]
[PlyCount "80"]

1. d4 Nf6 2. c4 g6 3. Nc3 d5 4. Bg5 Ne4 5. Nxe4 dxe4 6. Qd2
Bg7 7. O-O-O h6 8. Bf4 c5 9. d5 b5 10. e3 Nd7 11. Ne2 Ne5
12. Nc3 bxc4 13. Nxe4 Rb8 14. Nc3 O-O 15. Bxe5 Bxe5 16. Bxc4
Rb4 17. f4 Bg7 18. Qd3 Qa5 19. a3 Rb6 20. Rd2 Bf5 21. e4 Bxc3
22. Qxc3 Qxc3+ 23. bxc3 Bxe4 24. Rb2 Rfb8 25. Rxb6 Rxb6
26. Ba2 Bxg2 27. Re1 Kf8 28. Kc2 Rf6 29. Re2 Bf3 30. Rf2 Rxf4
31. Kd2 Rf5 32. c4 g5 33. Ke3 Bg4 34. Rb2 Rf3+ 35. Kd2 Rf2+
36. Kc3 Rxb2 37. Kxb2 f5 38. Kc3 Kf7 39. Kd3 f4 40. Ke4 Kf6
0-1

[Event "Capablanca Mem Elite"]
[Site "Havana CUB"]
[Date "2002.05.11"]
[EventDate "2002.05.06"]
[Round "5"]
[Result "1-0"]
[White "Artur Kogan"]
[Black "Walter Arencibia"]
[WhiteElo "2540"]
[BlackElo "2542"]
[PlyCount "59"]

1. d4 d5 2. Nf3 Nf6 3. c4 e6 4. Nc3 Be7 5. cxd5 exd5 6. Bf4 c6
7. Qc2 g6 8. Ne5 Bf5 9. Qd2 Nbd7 10. f3 Nxe5 11. Bxe5 O-O
12. g4 Be6 13. h4 Nd7 14. Bg3 Nb6 15. e3 f5 16. g5 Bf7
17. O-O-O Nc4 18. Bxc4 dxc4 19. Be5 b5 20. d5 Qa5 21. d6 Rfd8
22. h5 b4 23. hxg6 Bxg6 24. Qd4 bxc3 25. Qxc4+ Bf7 26. Qxf7+
Kxf7 27. Rxh7+ Ke8 28. Rxe7+ Kf8 29. Bg7+ Kg8 30. Rh1 1-0

[Event "European Clubs Cup (Men)"]
[Site "Rethymnon GRE"]
[Date "2003.10.04"]
[EventDate "2003.09.28"]
[Round "7"]
[Result "1-0"]
[White "Baadur Jobava"]
[Black "Evgeny Bareev"]
[WhiteElo "2596"]
[BlackElo "2721"]
[PlyCount "67"]

1. e4 c6 2. d4 d5 3. Nd2 dxe4 4. Nxe4 Bf5 5. Ng3 Bg6 6. h4 h6
7. Nf3 Nd7 8. h5 Bh7 9. Bd3 Bxd3 10. Qxd3 Ngf6 11. Bd2 e6
12. O-O-O Be7 13. Qe2 O-O 14. Kb1 c5 15. d5 exd5 16. Bxh6 gxh6
17. Nf5 Re8 18. Nxh6+ Kf8 19. Ng5 Qb6 20. Qf3 Ne5 21. Qg3 Bd6
22. Nf5 Qxb2+ 23. Kxb2 Nc4+ 24. Kb3 Bxg3 25. h6 Na5+ 26. Ka4
b5+ 27. Kxa5 Bc7+ 28. Kxb5 Rab8+ 29. Ka4 Ne4 30. Rxd5 Nc3+
31. Ka3 Nb5+ 32. Kb2 Nd4+ 33. Kc3 Nb5+ 34.Kd3 1-0

[Event "WCCC 21th Final"]
[Site "Stockholm"]
[Date "2005.08.01"]
[EventDate "?"]
[Round "10"]
[Result "1-0"]
[White "Arno Nickel"]
[Black "Joop van Oosterom"]
[WhiteElo "2590"]
[BlackElo "2777"]
[PlyCount "89"]

1. e4 c5 2. Nf3 e6 3. d4 cxd4 4. Nxd4 Nc6 5. Nc3 Qc7 6. Ndb5
Qb8 7. Be3 a6 8. Bb6 axb5 9. Nxb5 Bb4+ 10. c3 Ba5 11. Nc7+
Qxc7 12. Bxc7 Bxc7 13. Qg4 g6 14. Qh4 Nge7 15. Bb5 f5 16. f3
O-O 17. O-O d5 18. Kh1 Bd7 19. a4 Rf7 20. Qe1 Kg7 21. Rd1 Raf8
22. Qe2 Bc8 23. Bxc6 bxc6 24. b4 e5 25. a5 Rf6 26. h3 h5
27. Ra1 Bb7 28. a6 Ba8 29. c4 d4 30. c5 g5 31. g3 Ng6 32. Rg1
Kh6 33. Raf1 h4 34. f4 exf4 35. e5 d3 36. Qg2 hxg3 37. exf6
Nh4 38. Qd2 f3 39. Rxf3 Nxf3 40. Qxd3 Nxg1 41. Qd7 Rxf6
42. Kxg1 Be5 43. Qe8 Bc3 44. Qxa8 Bxb4 45. Qh8+ 1-0

[Event "Aeroflot Open B"]
[Site "Moscow RUS"]
[Date "2005.02.21"]
[EventDate "2005.02.15"]
[Round "7"]
[Result "1-0"]
[White "Ioannis Nikolaidis"]
[Black "Arseny Alavkin"]
[WhiteElo "2520"]
[BlackElo "2476"]
[PlyCount "85"]

1. d4 d5 2. c4 c6 3. Nf3 Nf6 4. cxd5 cxd5 5. Nc3 Nc6 6. Bf4
Bf5 7. e3 e6 8. Qb3 Bb4 9. Bb5 O-O 10. Bxc6 Bxc3+ 11. Qxc3 Rc8
12. Ne5 Ng4 13. Nxg4 Bxg4 14. Qa3 Rxc6 15. Qxa7 Qb6 16. Qxb6
Rxb6 17. b3 Rc8 18. Kd2 Rbc6 19. Rhc1 Bf5 20. Rxc6 Rxc6
21. Rc1 Rxc1 22. Kxc1 Kf8 23. Kb2 Ke7 24. a4 Kd7 25. b4 h5
26. h4 Bd3 27. b5 Bf1 28. g3 Kc8 29. Bd6 b6 30. Ka3 Be2
31. Kb4 Bd3 32. Bf8 g6 33. Bc5 Kc7 34. Bxb6+ Kxb6 35. a5+ Kc7
36. Kc5 f6 37. a6 Kb8 38. f4 f5 39. Kb6 Be2 40. Ka5 Kc7
41. b6+ Kc6 42. a7 Kb7 43. Kb4 1-0

[Event "World Junior Championship"]
[Site "Yerevan ARM"]
[Date "2006.10.15"]
[EventDate "2006.10.03"]
[Round "12"]
[Result "0-1"]
[White "Nikita Vitiugov"]
[Black "Zaven Andriasian"]
[WhiteElo "2596"]
[BlackElo "2463"]
[PlyCount "90"]

1. d4 d5 2. c4 c6 3. Nf3 Nf6 4. e3 e6 5. Bd3 Nbd7 6. O-O dxc4
7. Bxc4 Bd6 8. Nc3 O-O 9. e4 e5 10. Bg5 h6 11. Bh4 Qe7 12. Re1
Re8 13. Bf1 exd4 14. Nxd4 Nf8 15. Nf3 Bg4 16. h3 Bxf3 17. Qxf3
Be5 18. a3 Ng6 19. Bxf6 Bxf6 20. Rad1 Rad8 21. Qe3 Be5 22. g3
Qf6 23. Kg2 Bd4 24. Qf3 Qg5 25. Kh1 Qc5 26. Rc1 Bxf2 27. Nd5
Qd4 28. Rcd1 Qxb2 29. Re2 Qe5 30. Rxf2 cxd5 31. exd5 Re7
32. Bg2 Qd6 33. Rc1 Rde8 34. Qc3 Nf8 35. Rcf1 Nd7 36. Rf4 Nf6
37. Qb4 Rd8 38. Rd1 Re3 39. Qxd6 Rxd6 40. Rf3 Rxd5 41. Rxe3
Rxd1+ 42. Kh2 b6 43. g4 Kf8 44. a4 Rd4 45. Bc6 Rxg4 0-1